[Event "Titled Tuesday 2023.08.22 Late"]
[Site "chess.com INT"]
[Date "2023.08.22"]
[Round "3"]
[White "Novikova, M."]
[Black "Lawson, Eric"]
[Result "0-1"]
[WhiteElo "1995"]
[BlackElo "2221"]
[PlyCount "108"]
[EventDate "2023.08.22"]
[EventType "swiss (blitz)"]
[EventRounds "11"]
[EventCountry "NET"]
[Source "Mark Crowther"]
[SourceDate "2023.08.28"]

1. d4 Nf6 2. Bf4 d6 3. e3 c6 4. Nd2 g6 5. Ngf3 Nh5 6. Bg5 h6 7. Bh4 g5 8. Ng1
Ng7 9. Bg3 Nf5 10. Bd3 Bg7 11. Qf3 Nxg3 12. Qxg3 Nd7 13. h4 Qa5 14. Ngf3 f6 15.
Bg6+ Kd8 16. Bf7 Rf8 17. Bb3 b5 18. hxg5 fxg5 19. O-O Nb6 20. c3 Bf5 21. e4 Bd7
22. e5 d5 23. Rfe1 e6 24. Bc2 Kc7 25. Nb3 Qa6 26. Nc5 Qc8 27. a4 a5 28. axb5
cxb5 29. Bd3 a4 30. Qh3 Nc4 31. Bxc4 bxc4 32. Ra2 Rf4 33. Rea1 Bf8 34. Nxa4 Qa6
35. Nc5 Qxa2 36. Rxa2 Rxa2 37. Nxe6+ Kc8 38. Nxf4 Bxh3 39. Nxh3 g4 40. Nf4 gxf3
41. gxf3 Ra5 42. e6 Kd8 43. Ng6 Be7 44. f4 Rb5 45. f5 Rxb2 46. Ne5 Bf6 47. Ng4
Ke7 48. Nxh6 Rc2 49. Ng8+ Kd6 50. Nxf6 Rxc3 51. Ng8 Rf3 52. Nh6 c3 53. Kg2 Rf4
54. Kg3 c2 0-1

[Event "Quebec op"]
[Site "Montreal CAN"]
[Date "2023.07.29"]
[Round "1.8"]
[White "Di Matteo, Alessio"]
[Black "Lawson, Eric"]
[Result "0-1"]
[WhiteElo "1677"]
[BlackElo "2221"]
[PlyCount "52"]
[EventDate "2023.07.29"]
[EventType "swiss"]
[EventRounds "9"]
[EventCountry "CAN"]

1. d4 d5 2. c4 c6 3. Nf3 Nf6 4. Nc3 e6 5. g3 Nbd7 6. Bg2 dxc4 7. O-O b5 8. e4
Bb7 9. e5 Nd5 10. Ng5 h6 11. Nxe6 fxe6 12. Qh5+ Ke7 13. Ne4 Qe8 14. Bg5+ hxg5
15. Qxh8 Kd8 16. Nxg5 Kc8 17. Bh3 Nc7 18. Qg8 c5 19. Rfd1 Bd5 20. a4 Kb7 21.
axb5 Qg6 22. f4 cxd4 23. Kf1 Nxe5 24. Ra5 Bb4 25. Rxa7+ Kxa7 26. Ra1+ Kb7 0-1

[Event "Quebec op"]
[Site "Montreal CAN"]
[Date "2023.07.29"]
[Round "2.7"]
[White "Lawson, Eric"]
[Black "Robichaud, Louis"]
[Result "1-0"]
[WhiteElo "2221"]
[BlackElo "2008"]
[PlyCount "61"]
[EventDate "2023.07.29"]
[EventType "swiss"]
[EventRounds "9"]
[EventCountry "CAN"]

1. e4 e5 2. Nf3 Nc6 3. Bc4 Bc5 4. c3 Nf6 5. d3 d5 6. exd5 Nxd5 7. O-O O-O 8.
Re1 Nb6 9. Bg5 Be7 10. Bxe7 Qxe7 11. Bb5 Bg4 12. h3 Bxf3 13. Qxf3 Qf6 14. Nd2
Rad8 15. Bxc6 bxc6 16. Qg3 Qh6 17. Nf3 Rxd3 18. Qxe5 Qd6 19. Qe4 c5 20. Ng5 Qg6
21. Qxg6 hxg6 22. Re7 Nd5 23. Rd7 c4 24. Re1 f6 25. Ne6 Rf7 26. Rd8+ Kh7 27.
Re4 g5 28. Rxc4 Nf4 29. Rxf4 Rxd8 30. Nxd8 Rd7 31. Rd4 1-0

[Event "Quebec op"]
[Site "Montreal CAN"]
[Date "2023.07.30"]
[Round "3.1"]
[White "Bruzon Batista, Lazaro"]
[Black "Lawson, Eric"]
[Result "1-0"]
[WhiteElo "2609"]
[BlackElo "2221"]
[PlyCount "89"]
[EventDate "2023.07.29"]
[EventType "swiss"]
[EventRounds "9"]
[EventCountry "CAN"]

1. c4 e5 2. g3 Nf6 3. Bg2 d5 4. cxd5 Nxd5 5. Nf3 Nc6 6. O-O Nb6 7. Nc3 Be7 8.
a3 a5 9. d3 Be6 10. Be3 Nd5 11. Nxd5 Bxd5 12. Qa4 O-O 13. Rac1 Bd6 14. Nd2 Bxg2
15. Kxg2 Qe7 16. Ne4 Rfb8 17. Qc4 Nd8 18. f4 exf4 19. Bxf4 Bxf4 20. gxf4 c6 21.
f5 Qe5 22. Qc3 Qxc3 23. Rxc3 f6 24. Rfc1 Nf7 25. Rb3 Ra6 26. h3 a4 27. Rb4 b5
28. Rd4 Rd8 29. Rxd8+ Nxd8 30. h4 Ra7 31. h5 Kf7 32. Kf3 Rd7 33. Nc5 Re7 34. d4
Nb7 35. Nxb7 Rxb7 36. Rxc6 b4 37. Ke4 bxa3 38. bxa3 Rb3 39. Rc7+ Kf8 40. d5 Rh3
41. d6 Ke8 42. Kd5 Re3 43. Rxg7 Rxa3 44. d7+ Kd8 45. Kd6 1-0

[Event "Quebec op"]
[Site "Montreal CAN"]
[Date "2023.07.31"]
[Round "4.6"]
[White "Lawson, Eric"]
[Black "Zhang, Chu Hang"]
[Result "1/2-1/2"]
[WhiteElo "2221"]
[BlackElo "1953"]
[PlyCount "87"]
[EventDate "2023.07.29"]
[EventType "swiss"]
[EventRounds "9"]
[EventCountry "CAN"]

1. e4 e5 2. Nf3 Nc6 3. Bc4 Bc5 4. c3 Nf6 5. d3 d6 6. O-O h6 7. Re1 O-O 8. h3
Bb6 9. Nbd2 Ne7 10. Bb3 Ng6 11. Nc4 c6 12. Nxb6 axb6 13. d4 Qe7 14. Bc2 Be6 15.
a3 Rad8 16. Be3 b5 17. a4 bxa4 18. Rxa4 b5 19. Ra5 Ra8 20. Qa1 Qb7 21. b4 Nd7
22. Qa3 Nb6 23. Nd2 exd4 24. Bxd4 Nc4 25. Nxc4 Bxc4 26. Ra1 Rae8 27. Ra7 Qc8
28. Qa6 Nf4 29. Qxc8 Rxc8 30. Rd7 c5 31. bxc5 dxc5 32. Be5 Ne2+ 33. Kh2 Rfe8
34. f4 b4 35. cxb4 cxb4 36. Raa7 Be6 37. Rd2 Nc3 38. Rb7 b3 39. Bxb3 Bxb3 40.
Rxb3 Nxe4 41. Rd4 Nc5 42. Rg3 g6 43. Rc4 Nd7 44. Rxc8 1/2-1/2

[Event "Quebec op"]
[Site "Montreal CAN"]
[Date "2023.08.01"]
[Round "5.4"]
[White "Dukic, Zachary"]
[Black "Lawson, Eric"]
[Result "0-1"]
[WhiteElo "2196"]
[BlackElo "2221"]
[PlyCount "80"]
[EventDate "2023.07.29"]
[EventType "swiss"]
[EventRounds "9"]
[EventCountry "CAN"]

1. e4 c5 2. Nf3 d6 3. d4 cxd4 4. Nxd4 Nf6 5. Nc3 a6 6. h4 e5 7. Nb3 Be6 8. f4
exf4 9. Bxf4 Nc6 10. Qd2 Ne5 11. O-O-O Rc8 12. Be2 Be7 13. Nd4 Qa5 14. Nf5 Bxf5
15. exf5 O-O 16. g4 Nfxg4 17. Nd5 Qxd2+ 18. Rxd2 Bd8 19. Rg1 h5 20. Bg5 Kh7 21.
Nf4 Bb6 22. Rg3 f6 23. Nd5 Bf2 24. Bf4 Bxg3 25. Bxg3 Nh6 26. Bxh5 Nxf5 27. Bf2
g5 28. hxg5 fxg5 29. Bd1 g4 30. c3 g3 31. Bc2 gxf2 32. Rxf2 Rc5 33. Ne3 Rf6 34.
Nxf5 Kg8 35. Rh2 Nc4 36. Rh4 b5 37. Ng3 Rg5 38. Bh7+ Kf8 39. Ne4 Rf1+ 40. Kc2
Rg2+ 0-1

[Event "Quebec op"]
[Site "Montreal CAN"]
[Date "2023.08.02"]
[Round "6.4"]
[White "Lawson, Eric"]
[Black "Tanaka, Tyler"]
[Result "0-1"]
[WhiteElo "2221"]
[BlackElo "2297"]
[PlyCount "98"]
[EventDate "2023.07.29"]
[EventType "swiss"]
[EventRounds "9"]
[EventCountry "CAN"]

1. e4 c6 2. d4 d5 3. e5 c5 4. dxc5 e6 5. Nf3 Bxc5 6. a3 Nd7 7. b4 Be7 8. Bb2 a5
9. b5 Nh6 10. Nbd2 O-O 11. Be2 a4 12. O-O b6 13. Re1 Bb7 14. Bf1 Rc8 15. Nd4
Nc5 16. Rb1 Qd7 17. Qh5 Nf5 18. N4f3 Ne4 19. g4 Nxd2 20. Nxd2 Nh4 21. Bd3 g6
22. Qh6 Qd8 23. Qe3 Bc5 24. Qg3 Qg5 25. Bc1 Qe7 26. Nf1 g5 27. Bb2 Ng6 28. Ne3
Nh4 29. Ng2 Ng6 30. Kh1 d4 31. Be4 Bxe4 32. Rxe4 f5 33. exf6 Qxf6 34. Rf1 e5
35. Qd3 Qf3 36. Qxf3 Rxf3 37. Ne1 Bxa3 38. Bxd4 Rf4 39. Rxf4 gxf4 40. Bxb6 Rb8
41. Ba7 Rxb5 42. Nd3 e4 43. c4 Rb7 44. Bc5 exd3 45. Bxa3 Rb3 46. Bc5 a3 47. Kg2
a2 48. Bd4 Rb1 49. Bc3 d2 0-1

[Event "Quebec op"]
[Site "Montreal CAN"]
[Date "2023.08.03"]
[Round "7.9"]
[White "Zhong, Kevin"]
[Black "Lawson, Eric"]
[Result "0-1"]
[WhiteElo "2143"]
[BlackElo "2221"]
[PlyCount "136"]
[EventDate "2023.07.29"]
[EventType "swiss"]
[EventRounds "9"]
[EventCountry "CAN"]

1. e4 e5 2. Nf3 Nf6 3. Nxe5 d6 4. Nf3 Nxe4 5. Nc3 Nxc3 6. dxc3 Be7 7. Bf4 Nc6
8. Qd2 Be6 9. O-O-O Qd7 10. Kb1 h6 11. Nd4 Nxd4 12. cxd4 c6 13. Bd3 g5 14. Bg3
O-O-O 15. c4 Kb8 16. Rhe1 Ka8 17. Qa5 Rde8 18. f3 Bd8 19. Qa3 d5 20. c5 Bf5 21.
Be5 f6 22. Bd6 Bxd3+ 23. Qxd3 Ba5 24. Rf1 Bc7 25. Bxc7 Qxc7 26. g3 Re6 27. Rde1
Qe7 28. Rxe6 Qxe6 29. a3 a6 30. f4 g4 31. f5 Qe7 32. Qd2 Qe4+ 33. Ka2 h5 34.
Re1 Qxf5 35. Re7 Qf1 36. Re2 Qf5 37. Qe1 Ka7 38. Re8 Qh7 39. Re7 Qd3 40. Qb4
Qc4+ 41. Qxc4 dxc4 42. Kb1 h4 43. Re4 f5 44. Rf4 hxg3 45. hxg3 Rh3 46. Rxf5
Rxg3 47. Kc2 Rd3 48. Rg5 g3 49. a4 Kb8 50. Rg8+ Kc7 51. Rg7+ Kc8 52. b4 Ra3 53.
a5 Kd8 54. Kb2 Rb3+ 55. Kc2 Re3 56. Rxb7 Ke8 57. Rb8+ Kf7 58. Rb7+ Ke6 59. Rg7
Kd5 60. Rd7+ Ke6 61. Rg7 Rd3 62. b5 axb5 63. a6 Ra3 64. a7 Kd5 65. Kb2 b4 66.
Rd7+ Ke4 67. d5 g2 68. Rg7 Kxd5 0-1

[Event "Laval op"]
[Site "Laval CAN"]
[Date "2023.06.24"]
[Round "2.11"]
[White "Nunez, Omar"]
[Black "Lawson, Eric"]
[Result "0-1"]
[WhiteElo "1965"]
[BlackElo "2349"]
[PlyCount "66"]
[EventDate "2023.06.23"]
[EventType "swiss"]
[EventRounds "5"]
[EventCountry "CAN"]

1. Nf3 d5 2. g3 Nf6 3. Bg2 Nbd7 4. d4 Nb6 5. O-O Bf5 6. b3 c6 7. Nbd2 e6 8. a4
a5 9. Bb2 h6 10. Ne5 Be7 11. f3 Bh7 12. e3 O-O 13. Kh1 Nbd7 14. Rc1 Nxe5 15.
dxe5 Nd7 16. Qe2 Qb8 17. f4 b5 18. axb5 cxb5 19. Nf3 a4 20. Nd4 Rc8 21. Nxb5 a3
22. Ba1 Rxc2 23. Rxc2 Bxc2 24. Nd4 Be4 25. Bxe4 dxe4 26. Nc6 Qe8 27. Qc4 Nc5
28. Nxe7+ Qxe7 29. b4 Nd3 30. Qxe4 Rd8 31. b5 Qc5 32. Qa4 Qxe3 33. Qa5 Rc8 0-1

[Event "Laval op"]
[Site "Laval CAN"]
[Date "2023.06.24"]
[Round "3.4"]
[White "Lawson, Eric"]
[Black "Wiebe, Isaac"]
[Result "1/2-1/2"]
[WhiteElo "2349"]
[BlackElo "2200"]
[PlyCount "104"]
[EventDate "2023.06.23"]
[EventType "swiss"]
[EventRounds "5"]
[EventCountry "CAN"]

1. e4 e5 2. Nf3 Nc6 3. Bc4 Bc5 4. c3 Nf6 5. d3 O-O 6. O-O d5 7. exd5 Nxd5 8.
Re1 Bg4 9. Nbd2 Nb6 10. h3 Bh5 11. Bb3 Qxd3 12. Nxe5 Qf5 13. Nef3 Rad8 14. Qe2
Bd6 15. Qf1 Qd7 16. Qb5 Bg6 17. Ne4 Ne5 18. Qxd7 Nxf3+ 19. gxf3 Rxd7 20. Nxd6
Rxd6 21. Bf4 Rd7 22. Rad1 Rxd1 23. Rxd1 c6 24. Be3 Bf5 25. Kg2 Re8 26. a4 h6
27. a5 Nc8 28. a6 b6 29. Bc4 Kf8 30. b4 Ke7 31. Bf4 b5 32. Bb3 Be6 33. Bxe6
Kxe6 34. Be3 Re7 35. Bc5 Rd7 36. Rxd7 Kxd7 37. Bf8 g6 38. Bxh6 Nd6 39. Be3 Ne8
40. Kg3 Nc7 41. Kg4 Nxa6 42. Bxa7 Nc7 43. f4 Nd5 44. Bd4 Ne7 45. Kg5 Ke6 46.
Bc5 Nd5 47. f5+ gxf5 48. Bd4 f6+ 49. Kh6 Kf7 50. h4 Nf4 51. h5 Ne6 52. Kh7 c5
1/2-1/2

[Event "Laval op"]
[Site "Laval CAN"]
[Date "2023.06.25"]
[Round "4.5"]
[White "Lawson, Eric"]
[Black "Boulay, David"]
[Result "1-0"]
[WhiteElo "2349"]
[BlackElo "2036"]
[PlyCount "55"]
[EventDate "2023.06.23"]
[EventType "swiss"]
[EventRounds "5"]
[EventCountry "CAN"]

1. e4 c6 2. d4 d5 3. e5 c5 4. dxc5 e6 5. Nf3 Bxc5 6. a3 Ne7 7. b4 Bb6 8. Bb2
Nbc6 9. Bd3 Bd7 10. O-O Ng6 11. Nbd2 Nf4 12. Nb3 Nxd3 13. cxd3 O-O 14. Rc1 a5
15. b5 Ne7 16. a4 Ba7 17. Qd2 b6 18. Ba3 Re8 19. Nbd4 Rc8 20. Rxc8 Qxc8 21. h4
Nf5 22. Rc1 Qd8 23. Nxf5 exf5 24. Bd6 Bb8 25. Qf4 Be6 26. Nd4 Bxd6 27. exd6 g6
28. Rc7 1-0

[Event "Laval op"]
[Site "Laval CAN"]
[Date "2023.06.25"]
[Round "5.4"]
[White "Adam, Rafael"]
[Black "Lawson, Eric"]
[Result "1/2-1/2"]
[WhiteElo "2206"]
[BlackElo "2349"]
[PlyCount "130"]
[EventDate "2023.06.23"]
[EventType "swiss"]
[EventRounds "5"]
[EventCountry "CAN"]

1. Nf3 d6 2. d4 Nf6 3. g3 Bg4 4. Bg2 c6 5. O-O Nbd7 6. c4 e5 7. dxe5 dxe5 8.
Nc3 Qc7 9. h3 Be6 10. b3 h6 11. Qc2 a5 12. Rd1 Bb4 13. Na4 Be7 14. Nh4 Nc5 15.
Nxc5 Bxc5 16. Bd2 O-O 17. Bc3 Bb4 18. e4 Nd7 19. Rd2 Nc5 20. Rad1 g5 21. Nf5
Bxf5 22. exf5 f6 23. Rd6 Bxc3 24. Qxc3 Rad8 25. Qd2 Rxd6 26. Qxd6 Qxd6 27. Rxd6
Kf7 28. Kf1 Ke7 29. Rd2 Ra8 30. Ke2 Ra6 31. Rb2 Rb6 32. Kd2 Ra6 33. Ke3 Ra8 34.
Rd2 Na6 35. Be4 a4 36. Rb2 axb3 37. axb3 Nb4 38. Kd2 Kd6 39. Kc3 Ra2 40. Bb1
Rxb2 41. Kxb2 Kc5 42. Kc3 b5 43. f3 bxc4 44. bxc4 Na6 45. g4 Nc7 46. Bc2 Ne8
47. Bd3 Ng7 48. Bc2 h5 49. Be4 h4 50. Bc2 Ne8 51. Be4 Nd6 52. Bd3 Nc8 53. Bc2
Nb6 54. Bb3 Nd7 55. Bd1 e4 56. fxe4 Kd6 57. Kd4 c5+ 58. Kd3 Ne5+ 59. Kc3 Nc6
60. Kd2 Ke5 61. Ke3 Na5 62. Be2 Nb7 63. Bf1 Nd6 64. Bd3 Nf7 65. Be2 Nd6 1/2-1/2

[Event "Choc des generations"]
[Site "Montreal CAN"]
[Date "2023.04.01"]
[Round "2.2"]
[White "Lawson, Eric"]
[Black "Zhong, Kevin"]
[Result "1-0"]
[WhiteElo "2350"]
[BlackElo "2120"]
[PlyCount "87"]
[EventDate "2023.03.31"]
[EventType "schev"]
[EventRounds "5"]
[EventCountry "CAN"]

1. e4 c5 2. Nf3 Nc6 3. d4 cxd4 4. Nxd4 Nf6 5. Nc3 d6 6. Bg5 e6 7. Be2 Be7 8. h4
d5 9. exd5 Nxd5 10. Nxc6 bxc6 11. Bxe7 Qxe7 12. Qd4 O-O 13. Ne4 f5 14. Nc5 e5
15. Qc4 Rb8 16. Nb3 Rb6 17. Qa4 Nf4 18. Bc4+ Kh8 19. g3 Rb4 20. Qa3 c5 21. Nd2
Bb7 22. Rh2 Ng2+ 23. Kf1 f4 24. Rxg2 Bxg2+ 25. Kxg2 fxg3 26. Qxg3 Rf6 27. Kf1
Rf4 28. b3 Rxh4 29. Ke2 Rb8 30. Rg1 Rf8 31. Qg5 Qxg5 32. Rxg5 Re8 33. Bd5 g6
34. Ke3 Kg7 35. Ne4 Kh6 36. Rg1 Rf8 37. a3 Rhf4 38. Rh1+ Kg7 39. Ng5 h5 40.
Ne6+ Kh6 41. Nxf8 Rxf8 42. b4 cxb4 43. axb4 g5 44. Ra1 1-0

[Event "Choc des generations"]
[Site "Montreal CAN"]
[Date "2023.04.01"]
[Round "3.2"]
[White "Lawson, Eric"]
[Black "Tanaka, Tyler"]
[Result "1/2-1/2"]
[WhiteElo "2350"]
[BlackElo "2267"]
[PlyCount "34"]
[EventDate "2023.03.31"]
[EventType "schev"]
[EventRounds "5"]
[EventCountry "CAN"]

1. e4 c6 2. d4 d5 3. e5 Bf5 4. Nf3 e6 5. Be2 Ne7 6. O-O c5 7. c4 Nbc6 8. dxc5
dxc4 9. Bxc4 Ng6 10. Be3 Be7 11. Nd4 Ngxe5 12. Bb5 O-O 13. Nxf5 exf5 14. h3 Ng6
15. Qa4 f4 16. Bxf4 Nxf4 17. Qxf4 Bxc5 1/2-1/2

[Event "Choc des generations"]
[Site "Montreal CAN"]
[Date "2023.04.02"]
[Round "5.2"]
[White "Adam, Rafael"]
[Black "Lawson, Eric"]
[Result "1/2-1/2"]
[WhiteElo "1965"]
[BlackElo "2350"]
[PlyCount "54"]
[EventDate "2023.03.31"]
[EventType "schev"]
[EventRounds "5"]
[EventCountry "CAN"]

1. Nf3 d5 2. g3 Nd7 3. d4 Nb6 4. Bg2 Nf6 5. O-O Bf5 6. b3 e6 7. c4 c6 8. cxd5
exd5 9. Bb2 Bb4 10. Nbd2 O-O 11. Ne5 Qe7 12. Nd3 Bd6 13. Re1 Ne4 14. f3 Nxd2
15. Qxd2 Bxd3 16. Qxd3 Bb4 17. Bc3 Bxc3 18. Qxc3 f5 19. e4 dxe4 20. fxe4 fxe4
21. Rxe4 Qd6 22. Qc5 Rad8 23. Re7 Rf7 24. Re8+ Rf8 25. Re7 Rf7 26. Re8+ Rf8 27.
Re7 Rf7 1/2-1/2

[Event "Aurora Spring op"]
[Site "Newmarket CAN"]
[Date "2023.03.25"]
[Round "1"]
[White "Lawson, Eric"]
[Black "Yang, Lefan"]
[Result "1-0"]
[WhiteElo "2313"]
[BlackElo "1745"]
[PlyCount "77"]
[EventDate "2023.03.25"]
[EventType "swiss"]
[EventRounds "5"]
[EventCountry "CAN"]

1. e4 c5 2. Nf3 Nc6 3. d4 cxd4 4. Nxd4 Nf6 5. Nc3 e5 6. Ndb5 d6 7. Bg5 a6 8.
Na3 b5 9. Nd5 Be7 10. Bxf6 Bxf6 11. c4 b4 12. Nc2 a5 13. g3 Bg5 14. Bg2 Be6 15.
O-O Ne7 16. h4 Bh6 17. Qd3 Nxd5 18. exd5 Bc8 19. a3 bxa3 20. Rxa3 O-O 21. Rfa1
Bb7 22. Qc3 f5 23. Rxa5 f4 24. Rxa8 Bxa8 25. b4 g5 26. hxg5 Qxg5 27. c5 Bb7 28.
c6 Bc8 29. Ra8 f3 30. Rxc8 Rxc8 31. Bxf3 Qf5 32. g4 Qf7 33. Be4 Qc7 34. Na3 Rf8
35. Bf5 Rb8 36. Nc4 Bf8 37. Qb3 Rb5 38. Qa4 Rb8 39. Qa5 1-0

[Event "Aurora Spring op"]
[Site "Newmarket CAN"]
[Date "2023.03.25"]
[Round "2"]
[White "Rusonik, Max"]
[Black "Lawson, Eric"]
[Result "1-0"]
[WhiteElo "2173"]
[BlackElo "2313"]
[PlyCount "69"]
[EventDate "2023.03.25"]
[EventType "swiss"]
[EventRounds "5"]
[EventCountry "CAN"]

1. e4 c5 2. Nf3 d6 3. d4 cxd4 4. Nxd4 Nf6 5. Nc3 a6 6. Bg5 e6 7. g4 h6 8. Bd2
b5 9. a3 Bb7 10. Bg2 Nbd7 11. Qe2 Ne5 12. f4 Nc4 13. O-O-O Qb6 14. Be1 Rc8 15.
h4 Be7 16. g5 hxg5 17. hxg5 Rxh1 18. Bxh1 Nd7 19. g6 Bf6 20. gxf7+ Kxf7 21. Bf2
b4 22. Ndb5 Qa5 23. Nxd6+ Nxd6 24. Rxd6 Ke7 25. Qd1 Qc7 26. e5 Bxh1 27. axb4
Nxe5 28. Bc5 Kf7 29. fxe5 Bg5+ 30. Kb1 Bc6 31. Qh5+ Kg8 32. Qxg5 Qf7 33. Rd8+
Rxd8 34. Qxd8+ Kh7 35. Qd3+ 1-0

[Event "Aurora Spring op"]
[Site "Newmarket CAN"]
[Date "2023.03.25"]
[Round "3"]
[White "Lawson, Eric"]
[Black "Zhao, Jeffrey R"]
[Result "1/2-1/2"]
[WhiteElo "2313"]
[BlackElo "1860"]
[PlyCount "72"]
[EventDate "2023.03.25"]
[EventType "swiss"]
[EventRounds "5"]
[EventCountry "CAN"]

1. e4 c5 2. Nf3 d6 3. d4 cxd4 4. Nxd4 Nf6 5. Nc3 a6 6. h3 e5 7. Nb3 Be7 8. g4
h6 9. Be3 Be6 10. Bg2 Nbd7 11. Nd5 Bxd5 12. exd5 Rc8 13. Qd2 Nb6 14. Na5 Nc4
15. Nxc4 Rxc4 16. b3 Rc8 17. c4 Nd7 18. h4 Nc5 19. Ke2 f5 20. gxf5 e4 21. Bh3
Bf6 22. Rag1 Qe7 23. Bg4 Rc7 24. Bh5+ Kd7 25. Rg6 Qe5 26. Bf4 Qe7 27. b4 Nd3
28. c5 Nxf4+ 29. Qxf4 Rd8 30. cxd6 Qxd6 31. Qxe4 Kc8 32. Qe6+ Kb8 33. Qxd6 Rxd6
34. Rd1 Rc2+ 35. Rd2 Rxd2+ 36. Kxd2 Rxd5+ 1/2-1/2

[Event "Aurora Spring op"]
[Site "Newmarket CAN"]
[Date "2023.03.26"]
[Round "4"]
[White "Xu, Daniel"]
[Black "Lawson, Eric"]
[Result "1-0"]
[WhiteElo "2228"]
[BlackElo "2313"]
[PlyCount "119"]
[EventDate "2023.03.25"]
[EventType "swiss"]
[EventRounds "5"]
[EventCountry "CAN"]

1. e4 e5 2. Nf3 Nf6 3. Nxe5 d6 4. Nf3 Nxe4 5. Nc3 Nxc3 6. dxc3 Be7 7. Bf4 Nc6
8. Be2 Be6 9. Qd2 O-O 10. Nd4 Nxd4 11. cxd4 d5 12. O-O-O c6 13. h4 Re8 14. h5
h6 15. g4 Bg5 16. Bxg5 Qxg5 17. f4 Qe7 18. Rde1 Bd7 19. Bd3 Qd6 20. Reg1 c5 21.
dxc5 Qxc5 22. g5 Qb6 23. gxh6 Qxh6 24. Rg5 Kh8 25. Rhg1 Bc6 26. Qg2 Rg8 27. Qg4
Rae8 28. Qf5 Re7 29. Kb1 Rge8 30. a3 Re1+ 31. Rxe1 Rxe1+ 32. Ka2 Re7 33. Rg6
Qh7 34. Qg5 f6 35. Qh4 Re4 36. Bxe4 dxe4 37. f5 Be8 38. Qxe4 Bf7+ 39. b3 Qxh5
40. Rg1 Kg8 41. Rh1 Qg5 42. Qxb7 Qe3 43. Qc8+ Be8 44. Qc4+ Bf7 45. Qc8+ Be8 46.
Rd1 g5 47. fxg6 Kg7 48. Rd3 Qe5 49. Rd8 Bxg6 50. Rg8+ Kh6 51. Qh3+ Bh5 52. Qg3
Qxg3 53. Rxg3 f5 54. Rg8 f4 55. Kb2 f3 56. Kc3 Kh7 57. Rf8 Kg7 58. Rf4 Kg6 59.
Kd4 Kg5 60. Ke3 1-0

[Event "Titled Tuesday 2022.12.13 Early"]
[Site "chess.com INT"]
[Date "2022.12.13"]
[Round "7"]
[White "Paterek, M."]
[Black "Lawson, Eric"]
[Result "0-1"]
[WhiteElo "2307"]
[BlackElo "2331"]
[PlyCount "102"]
[EventDate "2022.12.13"]
[EventType "swiss (blitz)"]
[EventRounds "11"]
[EventCountry "NET"]
[Source "Mark Crowther"]
[SourceDate "2022.12.19"]

1. Nf3 b6 2. d4 Ba6 3. g3 d5 4. Bg2 c6 5. O-O e6 6. a4 f5 7. Bf4 Nf6 8. Nbd2
Nbd7 9. c3 h6 10. Ne5 g5 11. Nxd7 gxf4 12. Nxf6+ Qxf6 13. gxf4 Qh4 14. c4 Qxf4
15. e3 Qh4 16. Kh1 Bd6 17. f4 Rg8 18. Rf3 O-O-O 19. Rh3 Qf6 20. a5 Bb7 21. axb6
axb6 22. c5 bxc5 23. dxc5 Bxc5 24. Qc2 Bb6 25. Rc1 Kb8 26. b4 e5 27. Nb3 exf4
28. exf4 Qd6 29. Nc5 Bxc5 30. bxc5 Qxf4 31. Rb1 Rd7 32. Rf3 Qe4 33. Qf2 Rdg7
34. Rg1 d4 35. Rxf5 Rxg2 36. Rxg2 Rxg2 37. Rf8+ Ka7 38. Qxg2 Qb1+ 39. Qg1 Qe4+
40. Qg2 Qe1+ 41. Qg1 Qc3 42. Qb1 Qxc5 43. Rg8 Qc3 44. Rg3 c5+ 45. Kg1 Qa5 46.
Rh3 c4 47. Rxh6 d3 48. Qc1 Qc5+ 49. Kf1 c3 50. Qd1 d2 51. Qa4+ Ba6+ 0-1

[Event "Titled Tuesday 2022.11.01 Early"]
[Site "chess.com INT"]
[Date "2022.11.01"]
[Round "8"]
[White "Kanyamarala, Tarun"]
[Black "Lawson, Eric"]
[Result "1-0"]
[WhiteElo "2366"]
[BlackElo "2331"]
[PlyCount "99"]
[EventDate "2022.11.01"]
[EventType "swiss (blitz)"]
[EventRounds "11"]
[EventCountry "NET"]
[Source "Mark Crowther"]
[SourceDate "2022.11.07"]

1. d4 d5 2. Nc3 c6 3. Bf4 Bf5 4. e3 Nd7 5. Qd2 Ngf6 6. h3 h6 7. f3 e6 8. g4 Bh7
9. Bd3 Bxd3 10. Qxd3 Qa5 11. Nge2 a6 12. Kf2 c5 13. h4 g6 14. a3 Rc8 15. Rhb1
Be7 16. b4 cxb4 17. axb4 Qb6 18. b5 a5 19. Na4 Qd8 20. b6 Nh7 21. Bc7 Bxh4+ 22.
Kg2 Rxc7 23. bxc7 Qxc7 24. Nc5 Nxc5 25. dxc5 O-O 26. Qb5 Qe5 27. Qd3 Rc8 28.
Rxa5 h5 29. Rxb7 hxg4 30. fxg4 Nf6 31. Qd4 Qg5 32. Qf4 e5 33. Qxg5 Bxg5 34.
Rba7 Nxg4 35. Ra8 Nxe3+ 36. Kf2 Rxa8 37. Rxa8+ Kg7 38. c6 Ng4+ 39. Kf1 Ne3+ 40.
Kg1 Nc4 41. c7 Nd6 42. c8=Q Nxc8 43. Rxc8 d4 44. Ng3 Be3+ 45. Kg2 f5 46. Rc7+
Kf6 47. Rc6+ Kg5 48. Nf1 Bc1 49. Nh2 e4 50. Rd6 1-0

[Event "Titled Tuesday 2022.10.25 Early"]
[Site "chess.com INT"]
[Date "2022.10.25"]
[Round "1"]
[White "Lawson, Eric"]
[Black "Nugumanov, B."]
[Result "1/2-1/2"]
[WhiteElo "2371"]
[BlackElo "2354"]
[PlyCount "177"]
[EventDate "2022.10.25"]
[EventType "swiss (blitz)"]
[EventRounds "11"]
[EventCountry "NET"]
[Source "Mark Crowther"]
[SourceDate "2022.10.31"]

1. d4 Nf6 2. Bg5 d5 3. Bxf6 gxf6 4. e3 c5 5. c4 cxd4 6. exd4 e6 7. Nc3 Nc6 8.
cxd5 exd5 9. Qd2 Be6 10. O-O-O Qd7 11. Kb1 O-O-O 12. Nge2 h5 13. h4 Bh6 14. Nf4
Kb8 15. Ka1 Qd6 16. g3 Bxf4 17. Qxf4 Qxf4 18. gxf4 Ne7 19. Rd3 Ng6 20. Ne2 Bg4
21. f3 Bf5 22. Rc3 Ne7 23. Ng3 Be6 24. Bd3 Rdg8 25. Nf1 Rg2 26. f5 Bc8 27. Ne3
Rf2 28. Rf1 Rxf1+ 29. Bxf1 Nxf5 30. Nxd5 Rd8 31. Nxf6 Rxd4 32. Bd3 Nxh4 33. Be4
Rd1+ 34. Bb1 Bf5 35. Ne4 Nxf3 36. Re3 Bxe4 37. Rxe4 Nd2 38. a4 Rxb1+ 39. Ka2
Rf1 40. Re7 h4 41. a5 h3 42. Re8+ Kc7 43. Rh8 Rf3 44. b4 Nf1 45. b5 h2 46. Rh6
f6 47. Rh7+ Kd6 48. b6 axb6 49. a6 Kc6 50. a7 Rf2+ 51. Ka3 Ng3 52. a8=Q h1=Q
53. Qc8+ Kb5 54. Rxh1 Nxh1 55. Qd7+ Kc5 56. Qc8+ Kb5 57. Qe8+ Kc5 58. Qe3+ Kc6
59. Qe4+ Kd6 60. Qxh1 Rf5 61. Qxb7 Re5 62. Qxb6+ Ke7 63. Kb4 Kf7 64. Kc4 Kg6
65. Qd6 Kf5 66. Qf8 Kg6 67. Qg8+ Kf5 68. Kd4 Kf4 69. Qg7 Kf5 70. Qh7+ Ke6 71.
Qg8+ Kf5 72. Qh8 Ke6 73. Kd3 Kf5 74. Qg8 Kf4 75. Kd4 Kf5 76. Qf7 Re4+ 77. Kd5
Re5+ 78. Kd6 Kg5 79. Qg7+ Kf5 80. Qh7+ Kg5 81. Qg7+ Kf5 82. Qh6 Re6+ 83. Kd7
Re5 84. Qh2 Kg6 85. Qf2 Kf7 86. Qh2 Re7+ 87. Kd6 Re5 88. Qxe5 fxe5 89. Kxe5
1/2-1/2

[Event "Titled Tuesday 2022.10.25 Early"]
[Site "chess.com INT"]
[Date "2022.10.25"]
[Round "2"]
[White "Goriatchkin, J."]
[Black "Lawson, Eric"]
[Result "0-1"]
[WhiteElo "2318"]
[BlackElo "2371"]
[PlyCount "54"]
[EventDate "2022.10.25"]
[EventType "swiss (blitz)"]
[EventRounds "11"]
[EventCountry "NET"]
[Source "Mark Crowther"]
[SourceDate "2022.10.31"]

1. d4 Nf6 2. c4 c5 3. d5 e6 4. Nc3 exd5 5. Nxd5 Nxd5 6. cxd5 d6 7. e3 g6 8. Bc4
Bg7 9. Ne2 a6 10. a4 O-O 11. O-O Bg4 12. f3 Bc8 13. Nc3 Nd7 14. e4 Ne5 15. Be2
g5 16. Be3 h6 17. Qd2 Ng6 18. a5 Rb8 19. Na4 Bd7 20. Nb6 Bb5 21. Bxb5 axb5 22.
Rab1 f5 23. exf5 Rxf5 24. Qd3 Re5 25. Qxg6 Rxe3 26. Rfe1 Qe8 27. Kf2 Qxg6 0-1